Normal view
MARC view
- Muhammad Shoaib Ahmed Khan
Entry Personal Name
001 - CONTROL NUMBER
- control field: 70151
003 - CONTROL NUMBER IDENTIFIER
- control field: NUST
005 - DATE AND TIME OF LATEST TRANSACTION
- control field: 20210628204404.0
008 - FIXED-LENGTH DATA ELEMENTS
- fixed length control field: 210628|| aca||aabn | a|a d
040 ## - CATALOGING SOURCE
- Original cataloging agency: NUST
- Transcribing agency: NUST
100 ## - HEADING--PERSONAL NAME
- Personal name: Muhammad Shoaib Ahmed Khan
670 ## - SOURCE DATA FOUND
- Source citation: Work cat.: (NUST): Muhammad Shoaib Ahmed Khan , TH-SOF-1287-Modelling and Simulation of Solar Absorption Cooling System using TRNSYS, 2016
